Famous Short People - Statistics

General Stats
  • This quiz has been taken 121 times
  • The average score is 10 of 20
Answer Stats
Height Clue Person % Correct
5' 7" Star of "Top Gun" and "Mission: Impossible". Tom Cruise
86%
5' 0" Singer of "Jolene" and star of 9 to 5. Dolly Parton
84%
5' 2" Reality star and wife of Kanye West. Kim Kardashian
82%
5' 1" Singer of "Bad Romance" and "Telephone". Lady Gaga
76%
5' 2" Singer of "Purple Rain" and "I Wanna be Your Lover". Prince
76%
5' 1" She played Princess Leia. Carrie Fisher
75%
4' 10" Star of many films, such as "Twins" and "Batman Returns". Danny DeVito
74%
5' 1" Star of "Legally Blonde" and "Wild". Reese Witherspoon
64%
5' 2" First man in space. Yuri Gagarin
51%
4' 8" Former child star of "Diff'rent Strokes". Gary Coleman
50%
5" 1" Canadian actress who starred in "Juno" and "Inception". Ellen Page
47%
4' 4" Famous for playing Tyrion Lannister on "Game of Thrones". Peter Dinklage
47%
5' 3" Director of "Taxi Driver", "The Last Temptation of Christ", and "The Wolf of Wall Street". Martin Scorsese
42%
5' 0" Star of "Pitch Perfect" 1 & 2, and recently published memoir "Scrappy Little Nobody". Anna Kendrick
37%
5' 2" Stand-up comic and star of "Ride Along" and many other comedies. Kevin Hart
34%
5' 6" Lead singer of Radiohead. Thom Yorke
33%
5' 3" The shortest man ever to play NBA basketball. Tyrone "Muggsy" Bogues
33%
5' 4" The shortest US president. James Madison
32%
5' 1" Well-known post-impressionist painter of "At the Moulin Rouge". Henri de Toulouse-Lautrec
14%
3' 7" The shortest man ever to play MLB baseball. Eddie Gaedel
11%
No matching quizzes found
Score Distribution
Percent of People with Each Score
Percentile by Number Answered
Your Score History
You have not taken this quiz